مكتبة جامعة عجلون الوطنية

فهرس بحث المكتبة

Normal view MARC view
  • عقود الإيجار (فقه إسلامي)-- عقود الإيجار -- قوانين وتشريعات -- الأردن -- الإجارة (فقه إسلامي) -- المالكين و المستأجرين (فقه إسلامي) -- قوانين وتشريعات -- الأردن

Entry Topical Term

Number of records used in: 1

001 - CONTROL NUMBER

  • control field: 23852

003 - CONTROL NUMBER IDENTIFIER

  • control field: JO-AjAnu

005 - DATE AND TIME OF LATEST TRANSACTION

  • control field: 20230606074109.0

008 - FIXED-LENGTH DATA ELEMENTS

  • fixed length control field: 230606|| aca||aabn | a|a d

040 ## - CATALOGING SOURCE

  • Original cataloging agency: JO-AjAnu
  • Transcribing agency: JO-AjAnu

150 ## - HEADING--TOPICAL TERM

  • Topical term or geographic name entry element: عقود الإيجار (فقه إسلامي)-- عقود الإيجار -- قوانين وتشريعات -- الأردن -- الإجارة (فقه إسلامي) -- المالكين و المستأجرين (فقه إسلامي) -- قوانين وتشريعات -- الأردن

670 ## - SOURCE DATA FOUND

  • Source citation: Work cat.: (JO-AjAnu)12262: د ، م, author 23851, قانون المالكين والمستأجرين رقم (11) لسنة 1994 والقانون المعدل رقم 30 لسنة 2000 والقانون المعدل رقم 17 لسنة 2009